000 01077nam a22002657a 4500
999 _c16602
_d16602
005 20251125232846.0
008 s2527 th tha d
040 _aNALT
041 _atha
245 1 0 _aวันรพี'27
260 3 _bม.ป.พ.,
_c2527
300 _a66 หน้า :
_b ภาพประกอบ ;
_c 26 ซม.
650 0 4 _aกฎหมาย -- ไทย -- การใช้ภาษา
650 0 4 _aกฎหมายที่ดิน
650 0 4 _aกฎหมายแรงงาน
650 0 4 _aคดีอาญา
650 0 4 _aคดีแพ่ง
650 0 4 _aราชบุรีดิเรกฤทธิ์, พระเจ้าบรมวงศ์เธอ กรมหลวง -- ประวัติ
650 0 4 _aศาลยุติธรรมระหว่างประเทศ
850 _aNALT
856 4 0 _uhttps://hdl.handle.net/20.500.14156/301584
_71
942 _cLB
_2lcc
998 _j25
_k นีลวัสน์ อินทรักษา
090 _aKC41 ว436 2527